| 000 | 01020nam a2200253Ia 4500 | ||
|---|---|---|---|
| 999 |
_c41943 _d41943 |
||
| 001 | 8627 | ||
| 003 | GE_BSU | ||
| 005 | 20240522155711.0 | ||
| 008 | 181216s2011||||ge |||||||||||||| ||geo|| | ||
| 020 | _a5829702762 | ||
| 040 | _cGE_BSU | ||
| 041 | _ageo | ||
| 080 | _a339.5(075.8) მ-58 | ||
| 100 |
_aმესხია, იაშა (იაკობ) _913333 |
||
| 245 |
_aსაერთაშორისო ვაჭრობა / _cიაშა (იაკობ) მესხია ; [რედ. ვლადიმერ პაპავა]. |
||
| 264 |
_aთბილისი : _b სტუ., _c2011. |
||
| 300 |
_a476 გვ. : _bსქ., ცხრ.; _c20 სმ. |
||
| 500 | _aდანართები გვ. : 444-471 | ||
| 504 | _aბიბლიოგრაფია გვ. : 433-443 | ||
| 541 | _h20 ლ. | ||
| 653 | _aსაერთაშორისო ვაჭრობა | ||
| 700 |
_aპაპავა, ვლადიმერ _eრედაქტორი _922150 |
||
| 942 |
_cBK _2udc |
||